Noob - Statistiques

Statistiques générales
  • Ce quiz a été pris 71 fois
  • Le résultat moyen est 9 sur 12
Statistiques - réponses
Hint Réponse % Correct
Quelle est la capitale de la France ? Paris
100%
Combien y a-t-il de continents ? 7
97%
Qui a peint la Joconde ? Léonard de Vinci
95%
Quelle planète est surnommée la planète rouge ? mars
89%
Quelle langue parle-t-on au Brésil ? portugais
89%
Quel est l’animal le plus rapide ? Guépard
87%
Quel est le plus grand océan ? Océan Pacifique
78%
Quelle est la plus haute montagne du monde ? Everest
76%
tu me passe 10 euro oui
75%
Qui est l’auteur d’Harry Potter ? J.K. Rowling
67%
Quel métal est symbole Au ? Or
51%
personne qui ne baisera pas de si tôt tidiane
0%
Aucun quiz correspondant
Distribution des résultats
% des personnes avec chaque résultat
Percentile par nombre de réponses
Votre historique - résultats
Vous n’avez pas pris ce quiz